000
00306nam a22001337a 4500
008
180312b xxu||||| |||| 00| 0 eng d
020
_a
9780801318269
041
_a
eng
080
_2
4th
_a
311
100
_a
55
101
_a
STA
245
_a
Statistics for social workers
_c
Weinbach,R.W
942
_2
udc
_c
BK
999
_c
44704
_d
44704